One Piece - Ultimate General Knowledge (part 1) - Statistics

General Stats
  • This quiz has been taken 140 times
  • The average score is 20 of 65
Answer Stats
Question Answer % Correct
How does Luffy help Koby get in the Navy? He gives him a good beating
72%
What was the name of the bandit that tried to pick on a fight with Shanks at Makino’s bar? Higuma
71%
According to Zoro, what is a swordsman’s shame? Having wounds on the back
69%
Which of these characters appeared as soon as chapter 1? Shanks - Makino - Yassop
67%
Which characters can be seen on the Volume 1 cover of One Piece? Luffy - Zoro - Nami
57%
When did Klahadore (aka Captain Kuro) arrive at Syrup Village before executing his scheme? 3 years prior
56%
What saved Luffy from being executed by Buggy in Loguetown? A thunderstorm stroke Buggy unconscious
54%
What attack does Luffy use to get rid of Buggy at Orange Town (Gum Gum…)? Bazooka
54%
Luffy could swim before eating his devil fruit. False
50%
What is Nami’s way of saying goodbye to the people of Cocoyasi Village when she joins the SH? She steals their belongings
50%
What did Luffy pour into Zoro’s glass on the Baratie as a joke? A booger
46%
Among these pairings, which one does not contain a mistake? Zoro vs Mr. 1, Sanji vs Mr. 2, Nami vs Miss Doublefinger
46%
During a meeting with the higher-ups to discuss current world events after the events of Arabasta, which of the Seven Warlords show up? Doflamingo / Kuma / Mihawk
42%
Which marine believed to have killed Captain Kuro after being hypnotized by Django? Morgan
42%
How did Luffy save Robin, despite her wish to die? He rescued her from the falling rubbles of the palace's mausoleum
40%
Who was the leader of the Rebel Army in Arabasta? Koza
39%
What caused Nami’s illness before reaching Drum Island? Insect bite
38%
Which agents are paired correctly in the following propositions? Mr. 1 / Miss Doublefinger
38%
What illness did Yosaku have when he and Johnny met the SH? Scurvy
38%
According to Usopp, what kind of hairstyle makes your punches stronger? Afro
36%
What are the “spines” of the cactuses of Whisky Peak made of? The spines are in fact tombs
36%
How did the SH escape the cage in Crocodile’s headquarters? They had Mr. 3 do a wax duplicate of the key
36%
Who saves Luffy out of the sand after his first crushing defeat against Crocodile? Robin
35%
As of chapter 96, what were the bounties of Arlong, Don Krieg, and Buggy respectively? 20M / 17M / 15M
33%
What’s the mountaineer tradition when you come across the Hiking Bear in Drum Island? Bow to him
32%
Why were the Kona trees so special to the people of Jaya 400 years ago? They were said to help the souls of the dead find their way to the island
32%
The Knock Up Stream is the only way to go to Skypiea. False
31%
How did the SH acquire an Eternal Pose to Arabasta? Sanji got it when he defeated Baroque Works’s Unluckies
31%
Who was Dolton impressed by during the Reverie 8 years prior? Vivi
31%
What is the police force of Skypiea called? White Berets
31%
What part of the Going Merry does Luffy “attack” Laboon with to make it feel better? The mast
29%
Which character was not part of the top 25 of the first popularity poll right before Arlong Park arc? Yassop
29%
How much each sword of Hachi are said to weigh (in pounds)? 650
28%
How long were Sanji and Zeff stranded on that barren rock before they were rescued? 85 days
28%
Who takes the title of Kami when peace in Skypiea is returned? Gan Fall
28%
After a confusing speech from Mohji, what does Buggy think Luffy’s activity is? Masseur
28%
Which is these statements is true (at the time of the Arlong Park arc)? Nami had begun to work for Arlong 8 years ago and has gathered 93 million berrys
28%
What worldwide brand manufacturing clothes and other products is pretty popular in the East Blue? Doskoi Panda
26%
What did Nami, Robin and Zoro see that made them understand that Upper Yard was in fact part of Jaya in the past? They came across the other half of Cricket’s house
26%
What is the “reward” of the five remaining people of the survival game? Go with Enel on Ark Maxim towards Eternal Vearth
25%
What is the name of Tashigi’s sword? Shigure
25%
What is the name of the particles emitted by the Slow-Slow fruit of Foxy? Slowpoke photons
25%
Before the arrival of the SH, how many fights had Dorry and Brogy done on Little Garden? 73 466
24%
Which region of the real world is Panda Man said to be from? Tibet
24%
For how long was Tonjit stuck on the bamboo stilts? 10 years
22%
Why does Aokiji spare Luffy on Long Ring Long Land? To make up for Luffy defeating Crocodile
22%
What’s the name of the bar in Mocktown where Bellamy beats down Roshio for “cheating” at cards? Wild Cherry
22%
After Buggy’s defeat at Orange Town, how long was the fight between Cabaji and Mohji to decide who would succeed him? 12h
21%
On which island (which also happens to be a certain famous brand’s headquarters) did Jango and Fullbody win a dance competition? Mirror Ball Island
21%
How many men does Usopp claim to have when the SH arrive at Syrup Village? 80 million
19%
Who caused all the scars of Genzo, the sheriff of Cocoyasi Village? Kuroobi
19%
Which of these characters was one of the Ordeal Priests of Enel? Shura
19%
Who of the SH participates in the donut race, the first event of the Davy Back Fight? Nami / Robin / Usopp
18%
What Ancient Weapon does the poneglyph of Shandora indicate the location of? Poseidon
18%
In what century did the city of Shandora thrive? 5th
17%
Which of these is not a member of the Super Spot-Billed Duck Squad? Bomber
15%
Who does Zoro defeat by using for the first time his 36 pound phoenix attack? Braham
15%
What is the meaning behind Miss Doublefinger’s name? It symbolizes the 1st of January
15%
According to Enel, how many people are part of his survival game? 81
14%
What is the name of the tavern Buggy and his crew hung out when we first meet them? Drinker Pub
14%
What is the name of the restaurant Luffy and Koby eat at in Shells Town? Food Foo
14%
Which animal does exist in Arabasta? Accelegator
11%
As of the beginning of the Jaya arc, which of these characters is the only one who made it in the latest popularity poll’s top 10? Bon Clay
11%
Where was Baroque Works’ bomb hidden on Arabasta? Under the Royal Palace
3%
What country, which Montblanc Noland visited 400 years ago, underwent a coup d’état not long ago? Vira
3%
No matching quizzes found
Score Distribution
Percent of People with Each Score
Percentile by Number Answered
Your Score History
You have not taken this quiz